Metallica - All Songs on Master of Puppets Lightning Round - Statistics

General Stats
  • This quiz has been taken 18 times
  • The average score is 5 of 8
Answer Stats
Answer % Correct
Battery
100%
Master of Puppets
90%
Leper Messiah
60%
Orion
60%
Welcome Home(Sanitarium)
50%
Damage Inc.
40%
The Thing That Should Not Be
40%
Disposable Heroes
20%
No matching quizzes found
Score Distribution
Percent of People with Each Score
Percentile by Number Answered
Your Score History
You have not taken this quiz